000 00601pam a2200181 i 4500
020 _a0470266562
040 _cDLC
082 0 0 _a658 WIL 1979 A054 Or.
100 1 _aMumford, Enid.
245 1 0 _aComputer systems in work design--the ETHICS method :
_beffective technical and human implementation of computer systems : a work design exercise book for individuals and groups /
260 _aNew York :
_bWiley,
_c1979.
300 _aviii, 314 p. :
_bill. ;
_c23 cm.
500 _a"A Halsted Press book."
500 _aIncludes index.
650 0 _aWork design
700 1 _aWeir, Mary,
942 _cEK
999 _c15015
_d15015